An Introduction to International Relation/ (Record no. 203063)

MARC details
000 -LEADER
fixed length control field 00643nam a22001937a 4500
005 - DATE AND TIME OF LATEST TRANSACTION
control field 20240521114220.0
010 ## - LCCN (DPL NO)
LC control number ENG-140403
020 ## - INTERNATIONAL STANDARD BOOK NUMBER
International Standard Book Number 9789392038976
Terms of availability 1295.00
035 ## - SYSTEM CONTROL NUMBER
System control number EN-123935
037 ## - SOURCE OF ACQUISITION
Source of stock number/acquisition DBAD
082 ## - DEWEY DECIMAL CLASSIFICATION NUMBER
Classification number 327
100 ## - MAIN ENTRY--PERSONAL NAME
Personal name Kalita, Haren Chandra
245 ## - TITLE STATEMENT
Title An Introduction to International Relation/
Statement of responsibility, etc by Haren Chandra Kalita
260 ## - PUBLICATION, DISTRIBUTION, ETC. (IMPRINT)
Place of publication, distribution, etc Assam
Name of publisher, distributor, etc EBH Publishers, an imprint of Eastern Book House
Date of publication, distribution, etc 2024
270 ## - ADDRESS
Address 136, M.L. Nehru Road, Panbazar, Guwahati
City Assam
Postal code 781001
300 ## - PHYSICAL DESCRIPTION
Extent 189 p.
Dimensions 24 cm, (hb}
700 ## - ADDED ENTRY--PERSONAL NAME
Personal name Kalita, Haren Chandra
9 (RLIN) 66297
Relator term Author
942 ## - ADDED ENTRY ELEMENTS (KOHA)
Source of classification or shelving scheme Dewey Decimal Classification
Item type English Books
Classification part 327
Call number suffix KAL
Holdings
Withdrawn status Lost status Not for loan Collection code Home library Current library Date acquired Source of acquisition Cost, normal purchase price Full call number Barcode Copy number Cost, replacement price Koha item type
      Non-fiction Central Jail Tihar Central Jail Tihar 21/05/2024 DBAD 1295.00 327 KAL EN-123935 1 1295.00 English Books

© Delhi Public Library
Hit Counter
free hit counter